Central Library OPAC University of Rajshahi

Techniques of teaching / (Record no. 61189)

MARC details
000 -LEADER
fixed length control field 00731nam a2200253 a 4500
001 - CONTROL NUMBER
control field 61189
003 - CONTROL NUMBER IDENTIFIER
rucl marc code BD-RjUL
005 - DATE AND TIME OF LATEST TRANSACTION
control field 20211209080930.0
008 - FIXED-LENGTH DATA ELEMENTS--GENERAL INFORMATION
fixed length control field 170115s19711965enka b 000 0 eng d
035 ## - SYSTEM CONTROL NUMBER
System control number (BD-RjUL)61313
040 ## - CATALOGING SOURCE
Original cataloging agency BD-RjUL
Transcribing agency BD-RjUL
Modifying agency BD-RjUL
Language of cataloging eng
041 ## - LANGUAGE CODE
Language code of text/sound track or separate title eng
082 ## - DEWEY DECIMAL CLASSIFICATION NUMBER
Classification number 371.3
Edition number 23
Author mark and year TEC 1971
245 10 - TITLE STATEMENT
Title Techniques of teaching /
Statement of responsibility, etc. Edited by A. D. C. Peterson.
250 ## - EDITION STATEMENT
Edition statement [1st ed.]
260 ## - PUBLICATION, DISTRIBUTION, ETC. (IMPRINT)
Place of publication, distribution, etc. Oxford :
Name of publisher, distributor, etc. Pergamon Press,
Date of publication, distribution, etc. 1971
300 ## - PHYSICAL DESCRIPTION
Pagination v. :
Illustrations ill. ;
Size 20 cm.
504 ## - BIBLIOGRAPHY, ETC. NOTE
Bibliography, etc Includes bibliographical references.
505 0# - FORMATTED CONTENTS NOTE
Formatted contents note v. 1. Primary education --
650 #0 - SUBJECT ADDED ENTRY--TOPICAL TERM
Topical term or geographic name as entry element Teaching
9 (RLIN) 179758
Topical term or geographic name as entry element Education, Primary.
9 (RLIN) 182547
700 ## - ADDED ENTRY--PERSONAL NAME
Personal name Peterson, A. D. C.
942 ## - ADDED ENTRY ELEMENTS (KOHA)
Source of classification or shelving scheme Dewey Decimal Classification
Koha item type Books
Holdings
Lost status Source of classification or shelving scheme Damaged status Not for loan Collection code Permanent Location Current Location Shelving location Date acquired Source of acquisition Total Checkouts Full call number Date last seen Copy number Koha item type
  Dewey Decimal Classification   Not For Loan Non-fiction Central Library, University of Rajshahi Central Library, University of Rajshahi Reading Room 03/05/1984 Dhaka : British council   371.3 TEC V-1 1971 15/01/2017 C-1 Books